000
00305nam a22001337a 4500
003
SGT
020
_a
978-0-500-51587-7
082
_a
746
_b
MAH
100
_a
MAHONY,MARIE
245
_a
ADVANCED TEXTILES FOR HEALTH AND WELL BEING
260
_a
USA
_b
THAMEST HUDSON
_c
2011
300
_a
240
942
_2
ddc
_c
BK
999
_c
24662
_d
24662